Innovating for success in the export of services : a handbook.
| Format: | Book |
|---|---|
| Published: |
Geneva:
International Trade Centre UNCTAD/ WTO,
1999.
|
| Subjects: |
| LEADER | 00535cam a2200145 7i4500 | ||
|---|---|---|---|
| 001 | 0000009468 | ||
| 005 | 20070703090000.0 | ||
| 020 | 0 | 0 | |a 9291371165 |
| 090 | 0 | 0 | |a SR 338.4 |b INN |
| 245 | 0 | 0 | |a Innovating for success in the export of services : |b a handbook. |
| 260 | 0 | 0 | |a Geneva: |b International Trade Centre UNCTAD/ WTO, |c 1999. |
| 300 | # | # | |a 84 p. |
| 650 | 0 | 0 | |a Technological innovations -- |x Handbooks, manuals, etc |
| 650 | 0 | 0 | |a Export marketing -- |x Services -- |x Handbooks, manuals, etc |
| 999 | |a 0000012092 |b Book |c Services |e Business Information Centre | ||


